[Event "BOL-ch U20 Girls"]
[Site "Cochabamba"]
[Date "2022.05.13"]
[Round "2"]
[White "Torrejon Teran, Valeria Emily"]
[Black "Velasquez Nava, Marcia"]
[Result "0-1"]
[WhiteElo "1022"]
[BlackElo "1145"]
[PlyCount "140"]
[EventDate "2022.05.13"]
[EventType "swiss"]
[EventRounds "7"]
[EventCountry "BOL"]
[SourceTitle "EXT 2023"]
[Source "ChessBase"]
[SourceDate "2022.10.05"]
[SourceVersion "1"]
[SourceVersionDate "2022.10.05"]
[SourceQuality "1"]

1. e4 c6 2. d4 d5 3. e5 Bf5 4. f4 e6 5. c3 Nd7 6. Nf3 Ne7 7. Bd3 Bg6 8. 0-0 c5 9. b3 Nc6 10. Be3 Be7 11. Qe2 Bxd3 12. Qxd3 a6 13. c4 cxd4 14. Nxd4 Nxd4 15. Bxd4 Bc5 16. Nc3 dxc4 17. Qxc4 b5 18. Qd3 Qb6 19. Rfd1 0-0 20. Rac1 Rfd8 21. Ne4 Bxd4+ 22. Qxd4 Qxd4+ 23. Rxd4 Nb6 24. Rxd8+ Rxd8 25. Rc6 Rb8 26. Nc5 a5 27. Na6 Rb7 28. Nc5 Rb8 29. Rd6 g6 30. Kf2 Nd5 31. Kg3 Rc8 32. Ne4 Rc2 33. Nf6+ Kg7 34. Nxd5 exd5 35. Rxd5 Rxa2 36. Rxb5 Ra3 37. Kg4 a4 38. bxa4 Rxa4 39. g3 Ra2 40. h4 h5+ 41. Kg5 Ra3 42. f5 Rxg3+ 43. Kf4 Rg4+ 44. Kf3 gxf5 45. Rb2 Rxh4 46. Rg2+ Rg4 47. Rxg4+ fxg4+ 48. Kg3 Kg6 49. Kh4 Kf5 50. Kg3 Kxe5 51. Kf2 h4 52. Kg2 f5 53. Kf2 f4 54. Kg1 Ke4 55. Kf1 Kf3 56. Kg1 Kg3 57. Kh1 f3 58. Kg1 f2+ 59. Kf1 h3 60. Ke2 h2 61. Ke3 h1Q 62. Kd4 f1R 63. Ke3 Qf3+ 64. Kd4 Rd1+ 65. Kc4 Qc6+ 66. Kb3 Qd5+ 67. Kc2 Rd4 68. Kb2 Rc4 69. Kb3 Qb5+ 70. Ka2 Ra4# 0-1